Statistics for Austria Immigration by Country

Click here to take the quiz!

General Stats

  • This quiz has been taken 380 times
    (179 since last reset)
  • The average score is 17 of 20

Answer Stats

# PeopleCountry of Origin% Correct
208,767Germany
100%
117,551Turkey
94%
34,261Italy
94%
33,342Russia
92%
65,597Poland
91%
91,396Hungary
90%
89,002Croatia
90%
22,279Slovenia
89%
122,116Serbia
89%
45,378Slovakia
89%
14,639Czech Republic
89%
131,788Romania
87%
97,015Bosnia and Herzegovina
85%
55,256Syria
84%
34,249Bulgaria
82%
14,922Iran
74%
13,496China
74%
24,580North Macedonia
69%
26,325Kosovo
65%
43,971Afghanistan
60%

Score Distribution

Percentile by Number Answered

Percent of People with Each Score

Your Score History

You have not taken this quiz since the last reset